| 000 | 00588cam a22001691 4500 | ||
|---|---|---|---|
| 020 | _a0273432109 | ||
| 082 |
_a621.3133 _bDOV _cL-9, P-22 |
||
| 100 | 1 |
_aDover, Alfred Thomas. _941333 |
|
| 245 | 1 | 0 |
_aTheory and practice of alternating currents; _bgeneral principles, circuits, instruments, measurements, transformers, machines, symmetrical components. |
| 250 | _a3d ed. | ||
| 260 |
_aLondon, _bI. Pitman, _c1947. |
||
| 300 |
_a591 p. _billus. _c23 cm. |
||
| 526 |
_a0 _b0 _c0 _d621_313300000000000_DOV |
||
| 650 | 0 | _aElectric currents, Alternating. | |
| 650 | 0 |
_amce _9379 |
|
| 942 |
_2ddc _cBK |
||
| 999 |
_c545472 _d545472 |
||